000 00698nam a2200217Ia 4500
003 GCL
008 140319s9999 xx 000 0 ara d
040 _aGCL /
_cGCL
082 0 4 _a811.009
_bع ا
100 1 _aعبدالله عبدالرحيم العبادى
245 1 0 _aالاتجاه النقدى عند ابن طباطبا /
_cعبدالله عبدالرحيم العبادى
260 _a[S.N] :
_bمكتبه النهضه المصريه ،
_c1990
300 _a192 ص
490 _a
650 0 4 _aالشعر العربى
650 0 4 _aالادب العربى
650 0 4 _aابن طباطبا
650 0 4 _aتاريخ ونقد
650 0 4 _aالمجموعات
942 _2ddc
_cBK
999 _c32326
_d32326